Listening: goodith white

Na minha lista:
Detalhes bibliográficos
Formato: Livro
Idioma:inglês
Publicado em: Oxford Oxford University 1998
Colecção:Resource Books for Teachers
Assuntos:
Tags: Adicionar Tag
Sem tags, seja o primeiro a adicionar uma tag!

MARC

LEADER 00000nam a2200000 a 4500
001 UCO9935
003 CL-VaPUC
008 010316e19980000UK |||||||||||||||||eng|d
082 0 4 |a 372.6  |b LIS  |2 21 
245 1 0 |a Listening: goodith white 
300 |a 143 p 
942 |c BK 
945 |d 20010316 00:00:00  |a vberengu 
260 |a Oxford  |b Oxford University  |c 1998 
650 0 |a Enseñanza del lenguaje  |9 373325 
650 0 |a Métodos de enseñanza  |9 270413 
650 0 |a Educación lingüística  |9 306506 
583 |a last modification  |c 20010316 00:00:00  |k Rodrigo Vera 
490 0 |a Resource Books for Teachers 
999 |c 293948  |d 293946 
952 |0 0  |1 0  |4 0  |6 372_600000000000000_LIS_1998  |7 0  |8 A  |9 345747  |a BIBEDU  |b BIBEDU  |d 2019-11-20  |i 3681890  |o 372.6 LIS 1998  |p 3681890  |r 2019-11-20  |w 2019-11-20  |y BK  |k LIT